Jujuy bajo el signo neoliberal (Registro nro. 4000)
[ vista simple ]
| 000 -LEADER | |
|---|---|
| fixed length control field | 02210 a2200229 4500 |
| 001 - CONTROL NUMBER | |
| control field | 45780 |
| 005 - DATE AND TIME OF LATEST TRANSACTION | |
| control field | 20260407155729.0 |
| 008 - FIXED-LENGTH DATA ELEMENTS--GENERAL INFORMATION | |
| fixed length control field | 260407a2009 arg spa d |
| 003 - CONTROL NUMBER IDENTIFIER | |
| control field | AR-UNSa-BCEJYS |
| 040 ## - CATALOGING SOURCE | |
| Original cataloging agency | AR-UNSa-BCEJYS |
| Language of cataloging | spa |
| Transcribing agency | AR-UNSa-BCEJYS |
| 080 ## - UNIVERSAL DECIMAL CLASSIFICATION NUMBER | |
| Universal Decimal Classification number | 330.83 |
| Common auxiliary subdivision | Doctrinas económicas del siglo XX y sus predecesoras en el siglo XIX (Neoliberalismo) |
| 020 ## - INTERNATIONAL STANDARD BOOK NUMBER | |
| International Standard Book Number | 978-950-721-325-0 |
| 041 ## - LANGUAGE CODE | |
| Language code of text/sound track or separate title | spa |
| 100 1# - MAIN ENTRY--PERSONAL NAME | |
| Personal name | Lagos, Marcelo |
| 245 10 - TITLE STATEMENT | |
| Title | Jujuy bajo el signo neoliberal |
| Name of part/section of a work | política, sociedad y cultura en la década de los noventa |
| 264 #1 - PRODUCTION, PUBLICATION, DISTRIBUTION, MANUFACTURE, AND COPYRIGHT NOTICE | |
| Place of production, publication, distribution, manufacture | San Salvador de Jujuy : |
| Name of producer, publisher, distributor, manufacturer | EDIUNJu |
| Date of production, publication, distribution, manufacture, or copyright notice | 2009 |
| 300 ## - PHYSICAL DESCRIPTION | |
| Extent | 554 p. |
| Dimensions | 24 cm. |
| 505 ## - FORMATTED CONTENTS NOTE | |
| Formatted contents note | 1. Neoliberalismo : Ideología y práctica. Su influencia en América Latina de los Noventa / Liliana Bergesio y Cecilia Fandos – 2. La década del Menemismo y la Ingobernabilidad en Jujuy. Nación, región y provincia en los noventa / Marcelo Lagos y Mirta Gutiérrez – 3. La política jujeña en los noventa : partidos y actores de poder / Adriana Kindgard – 4. Privatizaciones y mercado de trabajo : la venta de empresas públicas en Jujuy y sus consecuencias sobre el empleo / Liliana Bergesio, Laura Golovanevsky y María Elena Marcoleri – 5. Buscando otra salida : La paradiplomacia de Jujuy en los ´90 / Marcos Calleja y Alejandro Safarov – 6. Nuestros crueles ´90 : una mirada sobre la educación / Beatriz Bruce y Silvia Barrionuevo – 7. Los conflictos sociales bajo la política neoliberal /Federico M. Kindgard – 8. La desigualdad a la vuelta de la esquina. Los ´90 San Salvador de Jujuy / Alejandra García Vargas – 9. Campo literario jujeño en la década del noventa : el fin de la inocencia / Reynaldo Castro – 10. Cruces y tensiones entre fútbol y política en Jujuy durante los años noventa / Ramón Burgos – 11. Emergencias religiosas. El caso de la Virgen de Urkupiña / Juan Armando Guzmán – 12. Medios masivos : Tramas y complicidades en Jujuy. Una mirada desde la década del ´90 / Alejandra García Vargas, César Arrueta y Marcelo Brunet. |
| 590 ## - LOCAL NOTE (RLIN) | |
| Local note | niveau_biblio:m niveau_hierar:0 |
| 856 41 - ELECTRONIC LOCATION AND ACCESS | |
| Uniform Resource Identifier | <a href="https://www.biblioeco.unsa.edu.ar/pmb/images/libros/L127183.jpg">https://www.biblioeco.unsa.edu.ar/pmb/images/libros/L127183.jpg</a> |
| Link text | Imagen de portada |
| Electronic format type | image/jpeg |
| 942 ## - ADDED ENTRY ELEMENTS (KOHA) | |
| Koha item type | |
| Withdrawn status | Lost status | Damaged status | Not for loan | Home library | Current library | Shelving location | Date acquired | Total checkouts | Full call number | Barcode | Date last seen | Price effective from | Koha item type |
|---|---|---|---|---|---|---|---|---|---|---|---|---|---|
| Biblioteca Prof. Eusebio Cleto del Rey | Biblioteca Prof. Eusebio Cleto del Rey | 07/04/2026 | 330.83 L177 | L127183 | 07/04/2026 | 07/04/2026 | Libro |